| 000 | 01000cam a2200325 i 4500 | ||
|---|---|---|---|
| 001 | 12461690 | ||
| 003 | EG-ScBUE | ||
| 005 | 20240320105709.0 | ||
| 008 | 010705t2001 njua f 001 0 eng d | ||
| 020 | _a0764553526 | ||
| 020 | _a9780764553523 | ||
| 040 |
_aDLC _beng _erda _cDLC _dDLC _dEG-ScBUE |
||
| 043 |
_ae------ _aa------ |
||
| 082 | 0 | 4 |
_a940.3 _222 _bDIC |
| 100 | 1 |
_aDickson, Keith D., _eauthor. _936234 |
|
| 245 | 1 | 0 |
_aWorld war II for dummies / _cby Keith D. Dickson. |
| 246 | 3 | _aWorld War Two for dummies | |
| 246 | 3 | _aWorld War 2 for dummies | |
| 264 | 1 |
_aHoboken, United States : _bWiley Publishing, Inc, _c[2001] |
|
| 264 | 4 | _cc2001 | |
| 300 |
_axxvi, 405 pages : _billustrations ; _c24 cm |
||
| 336 |
_2rdacontent _atext _btxt |
||
| 337 |
_aunmediated _2rdamedia _bn |
||
| 338 |
_avolume _bnc _2rdacarrier |
||
| 500 | _aIncludes index. | ||
| 650 | 7 |
_aWorld War, 1939-1945. _2BUEsh _913860 |
|
| 653 |
_bBUSBOL _cOctober2014 |
||
| 655 |
_vReading book _934232 |
||
| 942 |
_2ddc _cBB |
||
| 999 |
_c18462 _d18434 |
||